000 00708nam a2200205 i 4500
001 170967
003 ES-MaACL
005 20230906214516.0
008 090420s1881 fr |||| | fre d
080 _a782.6
100 1 _aBlum, Ernest.
_9139854
245 1 0 _aBelle Lurette
_b: opéra-comique en trois actes /
_cpar E. Blum, É. Blau et R. Toché ; musique de J. Offenbach.
260 _aParis :
_bCalmann Lévy,
_c1881.
300 _a111 p. ;
_c19 cm.
650 4 _aOperetas-
_vLibretos.
_9139352
700 1 _aBlau, Édouard.
_9138118
700 1 _aToché, Raoul.
_9139855
700 0 _aOffenbach, Jacques.
_986559
852 4 _aES-MaACL
_jE-12590
_9R.140234
_z. - Biblioteca Jacinto Martínez Lacalle
999 _c170967
_d170967